000 nam a22 7a 4500
999 _c233495
_d233495
003 Nust
005 20170308114427.0
008 170308b xxu||||| |||| 00| 0 eng d
040 _cDLC
082 _a660.63 CHR
245 _aBiochemical Elements /
_cChristopher,J.
260 _aNew Delhi :
_bAnmol Publications,
300 _a275p. :
_c25cm
942 _2ddc
_cBK